[Event "Varennes"]
[Site "Varennes CAN"]
[Date "2014.11.09"]
[Round "4"]
[White "Bolduc, Steve"]
[Black "Le Duin, Thierry"]
[Result "1-0"]
[WhiteElo "2299"]
[BlackElo "2041"]
[PlyCount "91"]
[EventDate "2014.11.07"]
[EventType "swiss"]
[EventRounds "5"]
[EventCountry "CAN"]

1. d4 Nf6 2. c4 c5 3. d5 b5 4. cxb5 a6 5. Nc3 d6 6. e4 g6 7. bxa6 Nxa6 8. Nf3
Bg7 9. Bb5+ Bd7 10. Bxd7+ Qxd7 11. O-O O-O 12. h3 Nc7 13. Re1 Rfb8 14. e5 Nfe8
15. Qe2 Nb5 16. e6 fxe6 17. dxe6 Qb7 18. Qc4 Nd4 19. Nxd4 Bxd4 20. Bg5 Nf6 21.
Bxf6 Bxf6 22. Re2 Qa6 23. Qxa6 Rxa6 24. Rc1 Kf8 25. Rcc2 Be5 26. g3 Bd4 27. b3
Ra7 28. Nd5 Raa8 29. h4 Rb7 30. Kg2 Raa7 31. g4 Ra8 32. f4 Kg7 33. Kf3 Rd8 34.
Ke4 Rg8 35. Rh2 h6 36. Rh3 Kh7 37. g5 h5 38. Rf3 Rf8 39. f5 gxf5+ 40. Rxf5 Rxf5
41. Kxf5 Be5 42. Rg2 Ra7 43. Nf6+ exf6 44. gxf6 Ra8 45. e7 Re8 46. f7 1-0

[Event "Varennes"]
[Site "Varennes CAN"]
[Date "2014.11.09"]
[Round "4"]
[White "Durette, Francis"]
[Black "Zhu, Hong Rui"]
[Result "0-1"]
[WhiteElo "1651"]
[BlackElo "2180"]
[PlyCount "86"]
[EventDate "2014.11.07"]
[EventType "swiss"]
[EventRounds "5"]
[EventCountry "CAN"]

1. e4 c5 2. Nf3 Nc6 3. d4 cxd4 4. Nxd4 g6 5. c4 Nf6 6. Nc3 d6 7. Be3 Bg7 8. Be2
O-O 9. O-O Bd7 10. f4 Nxd4 11. Bxd4 Bc6 12. Bf3 Nd7 13. Be3 Qa5 14. Qc2 Rac8
15. Rac1 b5 16. cxb5 Bxb5 17. Rfe1 Nb6 18. Qf2 Bc6 19. Bd4 Bb7 20. Bxg7 Kxg7
21. Nd5 Rxc1 22. Rxc1 Bxd5 23. exd5 Nxd5 24. Bxd5 Qxd5 25. Qxa7 Ra8 26. Qxe7
Qd4+ 27. Kh1 Rxa2 28. h3 Qxf4 29. Rb1 d5 30. Qe2 d4 31. Qc4 Ra7 32. Rd1 Rd7 33.
Qb5 Rc7 34. b4 Rc1 35. Qd3 Rxd1+ 36. Qxd1 Qe3 37. b5 d3 38. Qa1+ Kh6 39. Qh8 d2
40. Qf8+ Kh5 41. g4+ Kh4 42. Qd6 Qf3+ 43. Kh2 Qe2+ 0-1

[Event "Varennes"]
[Site "Varennes CAN"]
[Date "2014.11.09"]
[Round "4"]
[White "Fan, Run Kun"]
[Black "Barre, Michel"]
[Result "1-0"]
[WhiteElo "1770"]
[BlackElo "1964"]
[PlyCount "59"]
[EventDate "2014.11.07"]
[EventType "swiss"]
[EventRounds "5"]
[EventCountry "CAN"]

1. Nf3 d5 2. g3 Nf6 3. Bg2 c6 4. O-O Bg4 5. d4 Nbd7 6. b3 e6 7. c4 Be7 8. Ba3
O-O 9. e3 Re8 10. h3 Bh5 11. g4 Bg6 12. Ne5 Nxe5 13. dxe5 Nd7 14. f4 Bxb1 15.
Bxe7 Qxe7 16. Rxb1 dxc4 17. bxc4 Nb6 18. Qe2 Qc5 19. Rfc1 Red8 20. Be4 Rd7 21.
Rc2 Rad8 22. Kf2 Qa5 23. Kf3 Rd2 24. Qe1 Nxc4 25. Rxc4 Qxa2 26. Rcc1 Rh2 27.
Kg3 Rdd2 28. Rd1 g5 29. Rxd2 gxf4+ 30. Kxh2 1-0

[Event "Varennes"]
[Site "Varennes CAN"]
[Date "2014.11.09"]
[Round "4"]
[White "Forget, Luc"]
[Black "Saha, Ananda"]
[Result "1-0"]
[WhiteElo "1962"]
[BlackElo "1803"]
[PlyCount "43"]
[EventDate "2014.11.07"]
[EventType "swiss"]
[EventRounds "5"]
[EventCountry "CAN"]

1. d4 d5 2. c4 e6 3. Nc3 c6 4. Nf3 dxc4 5. a4 Bd7 6. e3 b5 7. Ne5 b4 8. Ne4 c3
9. bxc3 bxc3 10. Bd3 Nf6 11. O-O Bb4 12. Ba3 Bxa3 13. Rxa3 Nxe4 14. Bxe4 O-O
15. Rxc3 f6 16. Nxd7 Qxd7 17. Qc2 Rc8 18. Bxh7+ Kh8 19. Bg6 Qd5 20. Rc5 Qd6 21.
Qe2 Kg8 22. Qh5 1-0

[Event "Varennes"]
[Site "Varennes CAN"]
[Date "2014.11.09"]
[Round "4"]
[White "Giroux, Robert"]
[Black "Simard, Francois"]
[Result "1-0"]
[WhiteElo "1960"]
[BlackElo "1804"]
[PlyCount "81"]
[EventDate "2014.11.07"]
[EventType "swiss"]
[EventRounds "5"]
[EventCountry "CAN"]

1. d4 d5 2. c4 e6 3. Nc3 Nf6 4. cxd5 exd5 5. Bg5 Nbd7 6. e3 c6 7. Bd3 Be7 8.
Nge2 O-O 9. Qc2 h6 10. Bh4 Re8 11. O-O Ne4 12. Bxe7 Qxe7 13. Rae1 Ndf6 14. f3
Ng5 15. Ng3 g6 16. e4 dxe4 17. fxe4 Ne6 18. Qf2 Nh7 19. d5 Nd8 20. Bc4 Rf8 21.
e5 Bd7 22. Bb3 b6 23. Qe2 Qc5+ 24. Kh1 cxd5 25. Nxd5 Be6 26. Rc1 Qa5 27. Nc7
Rc8 28. Nxe6 Nxe6 29. Rxc8 Rxc8 30. Bxe6 fxe6 31. Qe4 Nf8 32. Qb7 Qc5 33. Qf7+
Kh8 34. Qf6+ Kg8 35. Qf4 Kg7 36. Qf6+ Kg8 37. h4 Rc7 38. h5 Qe7 39. Ne4 Qxf6
40. Nxf6+ Kh8 41. Ne8 1-0

[Event "Varennes"]
[Site "Varennes CAN"]
[Date "2014.11.09"]
[Round "4"]
[White "Hirschberg, Valerian"]
[Black "Sambuev, Bator"]
[Result "0-1"]
[WhiteElo "2332"]
[BlackElo "2559"]
[PlyCount "120"]
[EventDate "2014.11.07"]
[EventType "swiss"]
[EventRounds "5"]
[EventCountry "CAN"]

1. Nf3 d5 2. g3 Bg4 3. Ne5 Bh5 4. c4 f6 5. Nf3 dxc4 6. Qa4+ Qd7 7. Qxc4 Qc6 8.
Qxc6+ Nxc6 9. Bg2 e5 10. Nc3 O-O-O 11. b3 Nb4 12. O-O Nc2 13. Rb1 Nd4 14. Re1
Nxf3+ 15. Bxf3 Bxf3 16. exf3 Ne7 17. Ne2 Nc6 18. f4 Bb4 19. Rd1 Rd3 20. Bb2
Rhd8 21. fxe5 Nxe5 22. a3 Bxd2 23. Bxe5 fxe5 24. g4 g6 25. Ng3 R8d4 26. Kf1 e4
27. Ke2 Bh6 28. h4 Rd2+ 29. Rxd2 Rxd2+ 30. Ke1 e3 31. g5 Bf8 32. fxe3 Rg2 33.
Ne2 Bxa3 34. Kd2 Rh2 35. Ra1 Bc5 36. Ra4 Rf2 37. Kd3 Rf7 38. Nc3 Rd7+ 39. Ke2
Re7 40. e4 c6 41. Rc4 Re5 42. b4 Be7 43. Nd5 Kd7 44. Nf4 Rb5 45. Rd4+ Bd6 46.
Nd3 Ke6 47. e5 Bxe5 48. Rd8 Bc3 49. Nc5+ Kf5 50. Rd7 Bxb4 51. Nd3 Bc3 52. Rxh7
a5 53. Kf3 a4 54. Nf4 Rb3 55. Rf7+ Bf6+ 56. Ke2 Kxf4 57. Rxf6+ Kg4 58. Rxg6
Kxh4 59. Rg8 a3 60. g6 Kg5 0-1

[Event "Varennes"]
[Site "Varennes CAN"]
[Date "2014.11.09"]
[Round "4"]
[White "Luo, Alan"]
[Black "Pomerantz, Daniel"]
[Result "0-1"]
[WhiteElo "1699"]
[BlackElo "1925"]
[PlyCount "52"]
[EventDate "2014.11.07"]
[EventType "swiss"]
[EventRounds "5"]
[EventCountry "CAN"]

1. e4 c5 2. Nf3 Nc6 3. d4 cxd4 4. Nxd4 Nf6 5. Nc3 d6 6. Bc4 Qb6 7. Nxc6 bxc6 8.
O-O g6 9. Bb3 Bg7 10. Be3 Qc7 11. h3 O-O 12. Qd2 Bb7 13. Rfe1 Rfd8 14. Bh6 Bxh6
15. Qxh6 e5 16. Rad1 Qe7 17. Re3 Rd7 18. Rf3 Rad8 19. g4 d5 20. g5 Nh5 21. exd5
cxd5 22. Ba4 d4 23. Rf6 Nxf6 24. gxf6 Qxf6 25. Bxd7 Qf3 26. Kf1 dxc3 0-1

[Event "Varennes"]
[Site "Varennes CAN"]
[Date "2014.11.09"]
[Round "4"]
[White "Masse, Hugues"]
[Black "Libersan, Thierry"]
[Result "1-0"]
[WhiteElo "2316"]
[BlackElo "2182"]
[PlyCount "91"]
[EventDate "2014.11.07"]
[EventType "swiss"]
[EventRounds "5"]
[EventCountry "CAN"]

1. d4 Nf6 2. c4 e6 3. g3 c5 4. d5 exd5 5. cxd5 d6 6. Nc3 g6 7. Nf3 Bg7 8. Bg2
O-O 9. O-O a6 10. a4 Nbd7 11. Bf4 Qc7 12. Rc1 Nh5 13. Bg5 f6 14. Bd2 f5 15. Ng5
Ne5 16. Ne6 Bxe6 17. dxe6 Nf6 18. Nd5 Nxd5 19. Bxd5 Qe7 20. Qb3 Nc6 21. e3 Rfe8
22. Bc3 Nd8 23. Bxg7 Kxg7 24. Rfd1 Nc6 25. Rd2 h5 26. Rcd1 Red8 27. Qc4 Rac8
28. Qf4 Nb4 29. Bb3 Rc6 30. a5 d5 31. Bxd5 Rxd5 32. Rxd5 Nxd5 33. Qe5+ Kh7 34.
Rxd5 Rxe6 35. Qc3 Rc6 36. Qd2 Rc7 37. Rd8 Qg7 38. b3 Qf7 39. Qd6 Qe7 40. Qxe7+
Rxe7 41. Rc8 Re5 42. Rc7+ Kh6 43. Rxb7 c4 44. b4 Rb5 45. Rxb5 axb5 46. Kf1 1-0

[Event "Varennes"]
[Site "Varennes CAN"]
[Date "2014.11.09"]
[Round "4"]
[White "Morin, Louis"]
[Black "Morissette, Jean"]
[Result "1/2-1/2"]
[WhiteElo "1976"]
[BlackElo "1885"]
[PlyCount "64"]
[EventDate "2014.11.07"]
[EventType "swiss"]
[EventRounds "5"]
[EventCountry "CAN"]

1. e4 c5 2. d4 cxd4 3. c3 dxc3 4. Nxc3 Nc6 5. Nf3 d6 6. Bc4 e6 7. O-O Nge7 8.
Bg5 a6 9. Qe2 h6 10. Be3 b5 11. Bb3 Ng6 12. Rad1 Be7 13. Nd4 Bd7 14. f4 Na5 15.
f5 Nxb3 16. fxg6 Nxd4 17. gxf7+ Kf8 18. Bxd4 b4 19. Nb1 Bb5 20. Qg4 Bg5 21.
Qxe6 Bxf1 22. Rxf1 Qe7 23. Qg6 Bf6 24. Bxf6 gxf6 25. Nd2 Rc8 26. Rxf6 Rc1+ 27.
Kf2 Rc2 28. Re6 Rxd2+ 29. Ke1 Rxg2 30. Rxe7 Rxg6 31. Re8+ Kxf7 32. Rxh8 Rg2
1/2-1/2

[Event "Varennes"]
[Site "Varennes CAN"]
[Date "2014.11.09"]
[Round "4"]
[White "Poulin, Maurice"]
[Black "Gauthier, Denis"]
[Result "1-0"]
[WhiteElo "1999"]
[BlackElo "1914"]
[PlyCount "25"]
[EventDate "2014.11.07"]
[EventType "swiss"]
[EventRounds "5"]
[EventCountry "CAN"]

1. e4 Nf6 2. e5 Nd5 3. d4 d6 4. c4 Nb6 5. exd6 cxd6 6. Nc3 g6 7. Be3 Nc6 8. c5
Nd7 9. d5 Nb4 10. a3 Na6 11. Bd4 Nf6 12. Bb5+ Bd7 13. c6 1-0

[Event "Varennes"]
[Site "Varennes CAN"]
[Date "2014.11.09"]
[Round "4"]
[White "Turcotte, Jonathan"]
[Black "Ouellet, Maili-Jade"]
[Result "1-0"]
[WhiteElo "2142"]
[BlackElo "2001"]
[PlyCount "175"]
[EventDate "2014.11.07"]
[EventType "swiss"]
[EventRounds "5"]
[EventCountry "CAN"]

1. d4 d5 2. Nf3 Nf6 3. c4 e6 4. Nc3 Be7 5. Bf4 c6 6. e3 O-O 7. h3 Nbd7 8. Rc1
Re8 9. a3 Nf8 10. Bd3 Ng6 11. Bh2 Bd6 12. Ne5 dxc4 13. Bxc4 Nd5 14. Ne4 Bc7 15.
O-O Qe7 16. Kh1 Rd8 17. Qe2 Bd7 18. Bd3 Be8 19. Nc5 Bd6 20. f4 Rac8 21. e4 Bxc5
22. Nxg6 hxg6 23. dxc5 Nf6 24. b4 Rd4 25. Bg1 Rd7 26. g4 Rcd8 27. Rcd1 e5 28.
f5 gxf5 29. Rxf5 g6 30. Rff1 Nh7 31. Bf2 Nf8 32. Bg3 Rd4 33. Bc4 Qd7 34. Bb3
Qc7 35. Rxd4 Rxd4 36. Rd1 Rxd1+ 37. Qxd1 b6 38. Qa1 Nd7 39. cxb6 axb6 40. a4
Qd6 41. Qc3 c5 42. b5 Qd4 43. Qxd4 cxd4 44. Bc4 Kg7 45. Kg2 f6 46. Be1 Nc5 47.
a5 bxa5 48. Bxa5 Bf7 49. Bd5 g5 50. Bc6 Bc4 51. Bb4 Bxb5 52. Bxb5 Ne6 53. Kg3
Nf4 54. Bc4 Ng6 55. Bd2 Kf8 56. Kf3 Ke8 57. Be6 Nf8 58. Bf5 Kd8 59. Kg3 Ke7 60.
h4 gxh4+ 61. Kxh4 Kf7 62. Kh5 Kg7 63. Bb4 Kf7 64. Kh6 Kg8 65. Bd6 Kf7 66. g5
fxg5 67. Bxe5 d3 68. Bc3 Ne6 69. e5 Nd8 70. Kxg5 Nc6 71. e6+ Ke7 72. Kg6 d2 73.
Bxd2 Nd4 74. Bg4 Ke8 75. Kf6 Nxe6 76. Kxe6 Kf8 77. Bf5 Ke8 78. Be4 Kf8 79. Bg6
Kg8 80. Bg5 Kg7 81. Kf5 Kf8 82. Kf6 Kg8 83. Bh6 Kh8 84. Bf5 Kg8 85. Kg6 Kh8 86.
Be4 Kg8 87. Bd5+ Kh8 88. Bg7# 1-0

[Event "Varennes"]
[Site "Varennes CAN"]
[Date "2014.11.09"]
[Round "4"]
[White "Weston, Paul"]
[Black "Gunapalan, David"]
[Result "0-1"]
[WhiteElo "1946"]
[BlackElo "1900"]
[PlyCount "60"]
[EventDate "2014.11.07"]
[EventType "swiss"]
[EventRounds "5"]
[EventCountry "CAN"]

1. e4 c5 2. Nf3 d6 3. d4 cxd4 4. Nxd4 Nf6 5. Nc3 g6 6. Be3 Bg7 7. f3 Nc6 8. Qd2
O-O 9. Bc4 Bd7 10. O-O-O Rb8 11. Nxc6 bxc6 12. Bxa7 Rb7 13. Be3 Qa5 14. Bb3 Ra8
15. Kb1 Be6 16. h4 Bxb3 17. cxb3 c5 18. Na4 Qa6 19. Rc1 Nd7 20. Rhd1 Nb6 21.
Qd3 Qxd3+ 22. Rxd3 Nxa4 23. Rc2 Nb6 24. b4 Nd7 25. bxc5 Nxc5 26. Bxc5 dxc5 27.
Rd5 Bd4 28. g4 Kf8 29. h5 e6 30. Rd6 Ke7 0-1

[Event "Varennes"]
[Site "Varennes CAN"]
[Date "2014.11.09"]
[Round "5"]
[White "Bolduc, Steve"]
[Black "Hirschberg, Valerian"]
[Result "1-0"]
[WhiteElo "2299"]
[BlackElo "2332"]
[PlyCount "59"]
[EventDate "2014.11.07"]
[EventType "swiss"]
[EventRounds "5"]
[EventCountry "CAN"]

1. d4 d5 2. c4 dxc4 3. Nf3 a6 4. e3 Nf6 5. Bxc4 e6 6. O-O b5 7. Bb3 c5 8. dxc5
Qc7 9. Qe2 Bb7 10. a4 b4 11. Bd2 Bxc5 12. Rc1 Qe7 13. Be1 O-O 14. Nbd2 Nbd7 15.
a5 e5 16. e4 Bd6 17. Nc4 Bxe4 18. Nxd6 Qxd6 19. Rc4 Bd3 20. Qd1 Rab8 21. Ra4 e4
22. Bxb4 Qf4 23. Qxd3 Rfc8 24. Bd2 Qg4 25. Qc2 Rd8 26. Bc3 Qh5 27. Nd2 h6 28.
Nf1 Re8 29. Bxf6 Nxf6 30. Rc7 1-0

[Event "Varennes"]
[Site "Varennes CAN"]
[Date "2014.11.09"]
[Round "5"]
[White "Chabot, Roland"]
[Black "Durette, Francis"]
[Result "0-1"]
[WhiteElo "2191"]
[BlackElo "1651"]
[PlyCount "52"]
[EventDate "2014.11.07"]
[EventType "swiss"]
[EventRounds "5"]
[EventCountry "CAN"]

1. Nf3 Nf6 2. c4 e6 3. g3 d5 4. b3 c6 5. Bb2 Bd6 6. Bg2 Nbd7 7. d4 O-O 8. O-O
b6 9. Nbd2 Bb7 10. cxd5 cxd5 11. Ne5 Bxe5 12. dxe5 Ng4 13. Nf3 f6 14. exf6
Ngxf6 15. Bh3 Re8 16. Nd4 e5 17. Nf5 Nc5 18. f4 exf4 19. Rxf4 Ne6 20. Nh6+ gxh6
21. Rxf6 Ng5 22. Bg2 d4 23. Rf4 Bxg2 24. Rxd4 Qe7 25. Kxg2 Qxe2+ 26. Kh1 Qxb2
0-1

[Event "Varennes"]
[Site "Varennes CAN"]
[Date "2014.11.09"]
[Round "5"]
[White "Gauthier, Denis"]
[Black "Fan, Run Kun"]
[Result "1-0"]
[WhiteElo "1914"]
[BlackElo "1770"]
[PlyCount "67"]
[EventDate "2014.11.07"]
[EventType "swiss"]
[EventRounds "5"]
[EventCountry "CAN"]

1. d4 Nf6 2. c4 g6 3. Nc3 d5 4. Bf4 Bg7 5. e3 O-O 6. Nf3 e6 7. Be2 b6 8. O-O
Bb7 9. Rc1 Nbd7 10. h3 dxc4 11. Bxc4 c5 12. Qe2 cxd4 13. exd4 a6 14. a4 Re8 15.
Rfd1 Qe7 16. Bg5 h6 17. Bh4 g5 18. Bg3 Qb4 19. Ne5 Rac8 20. Ba2 Nxe5 21. Bxe5
Nd7 22. Bxg7 Kxg7 23. h4 Qa5 24. Rd3 Nf6 25. hxg5 hxg5 26. Re3 Nd5 27. Re5 Nxc3
28. Rxc3 Rxc3 29. bxc3 Qxc3 30. Rxg5+ Kf8 31. Qe5 Ke7 32. Bxe6 Qc1+ 33. Kh2
Rh8+ 34. Bh3+ 1-0

[Event "Varennes"]
[Site "Varennes CAN"]
[Date "2014.11.09"]
[Round "5"]
[White "Gunapalan, David"]
[Black "Morin, Louis"]
[Result "0-1"]
[WhiteElo "1900"]
[BlackElo "1976"]
[PlyCount "158"]
[EventDate "2014.11.07"]
[EventType "swiss"]
[EventRounds "5"]
[EventCountry "CAN"]

1. e4 e5 2. Bc4 Nf6 3. d4 d6 4. dxe5 Nxe4 5. Qd5 Ng5 6. Bxg5 Qxg5 7. Qxf7+ Kd8
8. Nc3 Qxe5+ 9. Nge2 Qf5 10. O-O-O Nc6 11. Nd4 Nxd4 12. Rxd4 Qxf7 13. Bxf7 Be7
14. Nd5 Rf8 15. Bh5 Be6 16. Nxe7 Kxe7 17. Re1 Kd7 18. Rde4 Rf6 19. g4 Rh6 20.
f4 Rf8 21. f5 Bxf5 22. Be8+ Rxe8 23. Rxe8 Be6 24. g5 Rg6 25. Rh8 Rxg5 26. Re2
h6 27. b3 a5 28. a4 b6 29. Rf8 g6 30. Rf6 Bd5 31. c4 Bg8 32. Rf8 Be6 33. Rh8
Bf5 34. Rxh6 Rg1+ 35. Kb2 Rb1+ 36. Ka2 Kc6 37. Rh7 Rd1 38. Ree7 Kc5 39. Re2 c6
40. Rb7 Bd3 41. Rg2 Be4 42. Rf2 d5 43. cxd5 cxd5 44. Ka3 Ra1+ 45. Kb2 Rb1+ 46.
Ka3 d4 47. Re7 Bf5 48. Re5+ Kd6 49. Rb5 Kc6 50. Rd2 d3 51. Ka2 Rc1 52. Kb2 Rf1
53. Kc3 Rf4 54. Re5 Kd6 55. Re8 Rb4 56. Rd8+ Kc5 57. Re8 Kd5 58. Re7 Kd6 59.
Rh7 Kd5 60. Rd7+ Kc5 61. Rc7+ Kd5 62. Rc4 Rxc4+ 63. bxc4+ Kc5 64. Rb2 Kc6 65.
h4 Be4 66. Rb5 Kc7 67. Re5 Bc6 68. Kxd3 Bxa4 69. Re6 Bd7 70. Rf6 b5 71. cxb5
Bxb5+ 72. Kc3 Be8 73. Ra6 a4 74. Kb4 Kd8 75. Kc5 Ke7 76. Kd5 Kf7 77. Ke5 Kg7
78. Ra8 Bc6 79. Ra6 Be8 0-1

[Event "Varennes"]
[Site "Varennes CAN"]
[Date "2014.11.09"]
[Round "5"]
[White "Le Duin, Thierry"]
[Black "Giroux, Robert"]
[Result "1-0"]
[WhiteElo "2041"]
[BlackElo "1960"]
[PlyCount "83"]
[EventDate "2014.11.07"]
[EventType "swiss"]
[EventRounds "5"]
[EventCountry "CAN"]

1. d4 g6 2. c4 Bg7 3. Nc3 d6 4. e4 e5 5. d5 a5 6. Bd3 Na6 7. Be3 Ne7 8. f3 f5
9. Nge2 O-O 10. Qd2 f4 11. Bf2 Nb4 12. a3 Na6 13. Nc1 Bd7 14. Nb3 a4 15. Nc1 b6
16. Bc2 Nc5 17. Qd1 Qe8 18. N1a2 Kh8 19. Nb4 g5 20. h3 Bf6 21. Qe2 Kg7 22. Nb5
Qc8 23. Na2 Qb7 24. Nac3 Nc8 25. Bxc5 bxc5 26. Bxa4 c6 27. dxc6 Bxc6 28. Bc2 h5
29. Rd1 Be7 30. a4 Rf6 31. Nd5 Rg6 32. b3 Bd8 33. Kd2 Ba5+ 34. Kc1 Bd7 35. Bd3
Be6 36. Qb2 Qd7 37. h4 Kg8 38. hxg5 Bxd5 39. exd5 Rxg5 40. Rh2 Ne7 41. Qc2 Nf5
42. Bxf5 1-0

[Event "Varennes"]
[Site "Varennes CAN"]
[Date "2014.11.09"]
[Round "5"]
[White "Libersan, Thierry"]
[Black "Turcotte, Jonathan"]
[Result "1/2-1/2"]
[WhiteElo "2182"]
[BlackElo "2142"]
[PlyCount "109"]
[EventDate "2014.11.07"]
[EventType "swiss"]
[EventRounds "5"]
[EventCountry "CAN"]

1. e4 c6 2. d4 d5 3. e5 Bf5 4. Nd2 e6 5. Nb3 Nd7 6. Nf3 Ne7 7. a4 a6 8. Bd2 Ng6
9. h4 h5 10. c4 dxc4 11. Bxc4 Bg4 12. g3 c5 13. Be2 cxd4 14. Nbxd4 Ndxe5 15.
O-O Bc5 16. Bc3 Qd5 17. Nxe5 Nxe5 18. Nb3 Bxe2 19. Qxd5 exd5 20. Nxc5 Bxf1 21.
Bxe5 f6 22. Bd4 Bh3 23. Re1+ Kf7 24. Nxb7 Kg6 25. Nc5 Rhe8 26. Rxe8 Rxe8 27. a5
Re1+ 28. Kh2 Bc8 29. Bc3 Rd1 30. Nb3 Kf5 31. f3 Ke6 32. Kg2 Kd6 33. Kf2 Kc6 34.
Ke2 Rh1 35. Ke3 Kb5 36. Nd4+ Kc5 37. Ne2 Rd1 38. Nf4 Bf5 39. Ke2 Rb1 40. Nxh5
d4 41. Bd2 Rxb2 42. Nxg7 Bh7 43. Nh5 f5 44. Nf6 Bg6 45. h5 Bf7 46. h6 Bc4+ 47.
Kd1 Be6 48. h7 Rb8 49. Bh6 Kc4 50. Kd2 d3 51. Bg7 Rb2+ 52. Kc1 d2+ 53. Kxb2
d1=Q 54. h8=Q Qd2+ 55. Kb1 1/2-1/2

[Event "Varennes"]
[Site "Varennes CAN"]
[Date "2014.11.09"]
[Round "5"]
[White "Ouellet, Maili-Jade"]
[Black "Luo, Alan"]
[Result "1-0"]
[WhiteElo "2001"]
[BlackElo "1699"]
[PlyCount "61"]
[EventDate "2014.11.07"]
[EventType "swiss"]
[EventRounds "5"]
[EventCountry "CAN"]

1. d4 d5 2. c4 e6 3. Nc3 c5 4. e3 Nf6 5. Nf3 Nc6 6. cxd5 exd5 7. dxc5 Bxc5 8.
Be2 O-O 9. O-O Bf5 10. a3 Qd7 11. b4 Bb6 12. Bb2 Bc7 13. Nb5 Ne4 14. Nxc7 Qxc7
15. Qxd5 Bg6 16. Rac1 Rad8 17. Qb3 Bh5 18. b5 Qb6 19. Qc2 Bg6 20. bxc6 Ng3 21.
hxg3 Bxc2 22. Rxc2 bxc6 23. Bd4 Qb7 24. Rfc1 f6 25. Rxc6 Rb8 26. Rc7 Qe4 27.
Ng5 Qg6 28. Bc4+ Kh8 29. Nf7+ Rxf7 30. Bxf7 Qf5 31. e4 1-0

[Event "Varennes"]
[Site "Varennes CAN"]
[Date "2014.11.09"]
[Round "5"]
[White "Pomerantz, Daniel"]
[Black "Poulin, Maurice"]
[Result "1/2-1/2"]
[WhiteElo "1925"]
[BlackElo "1999"]
[PlyCount "65"]
[EventDate "2014.11.07"]
[EventType "swiss"]
[EventRounds "5"]
[EventCountry "CAN"]

1. e4 g6 2. d4 Bg7 3. Nf3 d6 4. Be2 Nf6 5. Nc3 Bg4 6. Be3 O-O 7. O-O Nc6 8. h3
Bxf3 9. Bxf3 Nd7 10. Qd2 e5 11. dxe5 dxe5 12. Be2 Nd4 13. Bc4 Nb6 14. Bb3 c6
15. Rad1 Qc7 16. f4 Rad8 17. Qf2 Nxb3 18. axb3 Rxd1 19. Rxd1 exf4 20. Bxf4 Be5
21. Bxe5 Qxe5 22. Qd4 Re8 23. Qxe5 Rxe5 24. Kf2 Kf8 25. Rd8+ Re8 26. Rxe8+ Kxe8
27. Ke3 Ke7 28. Kf4 h6 29. Ne2 Nd7 30. Nd4 Nc5 31. Nf3 Ne6+ 32. Ke3 Kd6 33. h4
1/2-1/2

[Event "Varennes"]
[Site "Varennes CAN"]
[Date "2014.11.09"]
[Round "5"]
[White "Simard, Francois"]
[Black "Forget, Luc"]
[Result "1/2-1/2"]
[WhiteElo "1804"]
[BlackElo "1962"]
[PlyCount "93"]
[EventDate "2014.11.07"]
[EventType "swiss"]
[EventRounds "5"]
[EventCountry "CAN"]

1. d4 Nf6 2. Nf3 b6 3. g3 Bb7 4. Bg2 e6 5. c4 Bb4+ 6. Nc3 O-O 7. O-O d5 8. cxd5
exd5 9. Qc2 Nbd7 10. Bd2 Re8 11. Rfe1 c6 12. Rac1 a5 13. a3 Bd6 14. Qf5 Nf8 15.
Bg5 Bc8 16. Bxf6 Bxf5 17. Bxd8 Rexd8 18. Na4 c5 19. Nxb6 Rab8 20. dxc5 Bxc5 21.
Rxc5 Rxb6 22. Rxa5 Rxb2 23. Nd4 Be4 24. Bxe4 dxe4 25. e3 g6 26. g4 Rd6 27. Re5
Nd7 28. Rxe4 Nc5 29. Re8+ Kg7 30. Ra8 Ne4 31. f3 Ng5 32. Kf1 Nxf3 33. Nxf3 Rf6
34. Re2 Rxf3+ 35. Ke1 Rxe2+ 36. Kxe2 Rh3 37. a4 Rxh2+ 38. Kf3 Kf6 39. a5 Kg5
40. a6 Rh3+ 41. Ke4 Rg3 42. Rf8 Rxg4+ 43. Kd5 Ra4 44. Rxf7 Rxa6 45. Rxh7 Kg4
46. e4 g5 47. Rc7 1/2-1/2

[Event "Varennes"]
[Site "Varennes CAN"]
[Date "2014.11.09"]
[Round "5"]
[White "Zhu, Hong Rui"]
[Black "Masse, Hugues"]
[Result "0-1"]
[WhiteElo "2180"]
[BlackElo "2316"]
[PlyCount "64"]
[EventDate "2014.11.07"]
[EventType "swiss"]
[EventRounds "5"]
[EventCountry "CAN"]

1. e4 e6 2. d4 d5 3. Nd2 Be7 4. Ngf3 Nf6 5. Bd3 c5 6. exd5 exd5 7. c3 O-O 8.
O-O Nc6 9. dxc5 Bxc5 10. Nb3 Bb6 11. h3 Ne4 12. Bf4 Qf6 13. Bh2 Bf5 14. a4 a6
15. a5 Ba7 16. Ra4 Rfe8 17. Nbd4 Bg6 18. Nxc6 bxc6 19. Bxe4 Bxe4 20. Nd4 c5 21.
Nc2 Qg6 22. Ne1 d4 23. Bc7 Bc6 24. Nf3 Bxa4 25. Qxa4 Rac8 26. cxd4 cxd4 27. Rd1
d3 28. Qd7 Bxf2+ 29. Kf1 Qe4 30. Ng1 d2 31. Qxd2 Bxg1 32. Qd7 Bc5 0-1

[Event "Veranda inv."]
[Site "Fancy Lake CAN"]
[Date "2014.06.28"]
[Round "1"]
[White "Naugler, Rex"]
[Black "Charlton, Glenn"]
[Result "0-1"]
[WhiteElo "1835"]
[BlackElo "2018"]
[PlyCount "110"]
[EventDate "2014.08.09"]
[EventType "tourn"]
[EventRounds "5"]
[EventCountry "CAN"]

1. d4 Nf6 2. Bf4 g6 3. e3 Bg7 4. Be2 O-O 5. Nf3 d6 6. h3 Nbd7 7. O-O b6 8. a4
a6 9. c4 Bb7 10. Nc3 Ne4 11. Qc2 Nxc3 12. Qxc3 e5 13. Bh2 exd4 14. exd4 Re8 15.
Rfe1 a5 16. Qd2 Nf6 17. d5 Ne4 18. Qc2 Qf6 19. Rab1 h5 20. Bf1 Nc5 21. b3 Qc3
22. Qxc3 Bxc3 23. Re3 Rxe3 24. fxe3 Re8 25. Kf2 Bc8 26. Bf4 Bf5 27. Rd1 Bf6 28.
Nd2 Bc2 29. Rc1 Bxb3 30. Nxb3 Nxb3 31. Rc2 Nc5 32. Ra2 g5 33. Bh2 Ne4+ 34. Kf3
Nc3 35. Ra3 Nb1 36. Ra2 g4+ 37. hxg4 hxg4+ 38. Kf2 Nc3 39. Ra3 Nb1 40. Ra2 Nc3
41. Ra3 Ne4+ 42. Ke2 Bb2 43. Rb3 Nc3+ 44. Rxc3 Bxc3 45. Bf4 Be5 46. Bg5 Kg7 47.
Bh4 Rh8 48. Be1 Rh1 49. Bd2 Kg6 50. Be1 Kf5 51. g3 Rh2+ 52. Kd1 Ke4 53. Be2 f5
54. Kd2 Bc3+ 55. Kxc3 Rxe2 0-1

[Event "Veranda inv."]
[Site "Fancy Lake CAN"]
[Date "2014.06.28"]
[Round "1"]
[White "Pentz, Brian"]
[Black "Kenney, David"]
[Result "1/2-1/2"]
[WhiteElo "1887"]
[BlackElo "1825"]
[PlyCount "130"]
[EventDate "2014.08.09"]
[EventType "tourn"]
[EventRounds "5"]
[EventCountry "CAN"]

1. f4 d5 2. Nf3 Nf6 3. e3 g6 4. c4 c6 5. b3 Bg7 6. Bb2 O-O 7. Be2 Bg4 8. O-O
Nbd7 9. Ne5 Bxe2 10. Qxe2 Rc8 11. d3 e6 12. Nd2 Qe7 13. Rae1 Ne8 14. Nxd7 Qxd7
15. Bxg7 Kxg7 16. Nf3 f6 17. e4 d4 18. f5 exf5 19. exf5 c5 20. fxg6 hxg6 21.
Nh4 Nd6 22. Qe6 Rc7 23. g4 Qxe6 24. Rxe6 Rd7 25. Rfe1 Kh6 26. Nf3 Kg7 27. Kg2
g5 28. h4 gxh4 29. Nxh4 Nc8 30. Kg3 Kg8 31. Nf5 Kf7 32. Kf4 Rh8 33. g5 fxg5+
34. Kxg5 Rg8+ 35. Kh5 Rg2 36. Rh6 Rh2+ 37. Nh4 Re7 38. Rh7+ Ke8 39. Rhxe7+ Nxe7
40. Kg5 Kd7 41. Nf3 Rxa2 42. Ne5+ Kd6 43. Nf7+ Kd7 44. Ne5+ Kc7 45. Kf6 Nc6 46.
Nxc6 bxc6 47. Re5 Rb2 48. Rxc5 Rxb3 49. Rh5 Rxd3 50. c5 Kb7 51. Ke5 Ka6 52. Rh7
Rd1 53. Kd6 d3 54. Kxc6 Rg1 55. Rd7 Rg6+ 56. Kc7 Kb5 57. Rxd3 Kxc5 58. Ra3 a6
59. Kb7 Kb5 60. Ra1 a5 61. Rb1+ Kc4 62. Rc1+ Kb3 63. Rb1+ Kc2 64. Ra1 Rg5 65.
Kb6 Kb2 1/2-1/2